00783cam a22002297a 4500001001000000003000500010005001700015008004100032010001000073011001000083035001100093040000900104100003100113245013100144260004100275300001000316502008600326650001800412650002000430650003700450856006600487000092902CHAP20250508124411.0050121d2004 mx r 00110 spa d a89368 a90340 a100896 cCHAP10aGarcía Márquez, Mireya10aDescripción del proceso de empaque y postcosecha de la rosa (Rosa sp.) como flor de corte /c/por Mireya García Márquez. aChapingo, Méx. :bEl autor,c2004. a80 h. aTesis (Ing. Agroindustrial) - - UACH. Departamento de Ingeniería Agroindustrial14aRosasxCorte.14aRosasxEmpaque.14aRosasxTecnología postcosecha. 3Finding aiduhttp://10.13.5.2/tesis/100896.pdfzTeclea aquí